Welcome to the Holygrace Academy Library

Please use search bar below to get started

GK: UPDATE YOURSELF (Record no. 6300)

MARC details
000 -LEADER
fixed length control field 00306nam a22001337a 4500
020 ## - INTERNATIONAL STANDARD BOOK NUMBER
ISBN 818269592-9
082 ## - DEWEY DECIMAL CLASSIFICATION NUMBER
Classification number 001
Item number BHA/GK
100 ## - MAIN ENTRY--AUTHOR NAME
Personal name BHATT, TANU
245 ## - TITLE STATEMENT
Title GK: UPDATE YOURSELF
260 ## - PUBLICATION, DISTRIBUTION, ETC. (IMPRINT)
Place of publication DELHI
Name of publisher BLACK ROSE PUBLICATIONS
Year of publication 2009
300 ## - PHYSICAL DESCRIPTION
Number of Pages 240
650 ## - SUBJECT ADDED ENTRY--TOPICAL TERM
Topical Term GENERAL KNOWLEDGE
Geographic subdivision INDIA
942 ## - ADDED ENTRY ELEMENTS (KOHA)
Koha item type Books
Holdings
Withdrawn status Lost status Collection code Home library Current library Shelving location Date acquired Source of acquisition Cost, normal purchase price Full call number Accession Number Koha item type
    G.K Main Library Main Library SHELF-17B-- G.K RELATED QUIZ BOOK 01/02/2019 purchase 60.00 001 BHA/GK 10940 Books